Представление документа в формате MARC21

Поле Инд. ПП Название Значение
Тип записи a
Библиографический уровень m
001 Контрольный номер a3c7813bb326455aafaaa5ceaf3b2467
005 Дата корректировки 20260522144639.4
040 a Служба первич. каталог. 10013504
b Код языка каталог. rus
e Правила каталог. PSBO
041 0_ a Код языка текста rus
090 a Полочн. индекс Дис.
x Авторский знак Ю 94
r Идентификатор организации 10013504
100 1_ a Автор Юхвид М.Е.
245 10 a Заглавие Исследование процесса торцевого фрезерования наружных поверхностей вращения
b Продолж. заглавия диссертация ... кандидата технических наук
c Ответственность науч. рук. А.И. Каширин ; Экспериментальный научно-исследовательский институт металлорежущих станков (ЭНИМС), Лаборатория инструмента и резания, МАТИ
260 a Место издания Москва
c Дата издания 1951
300 a Объем 121 с.
b Иллюстрации/ тип воспроизводства ил.
504 a Библиография Библиогр.: с. 118-121 (60 назв.)
653 0_ a Ключевые слова ДИССЕРТАЦИИ; АВТОР МАТИ; ФРЕЗЕРОВАНИЕ ТОРЦЕВОЕ; ПОВЕРХНОСТИ ВРАЩЕНИЯ
700 12 a Другие авторы Каширин А.И.
q Полное имя Каширин Александр Иванович
e Роль лиц Научный руководитель
901 t Тип документа d
952 a Тип литературы для КСУ ВШ КДНР
c Вид литературы диссертация